00373nam a2200145Ia 4500003000400000008004100004040001600045082001600061100002100077245004200098260004500140300000800185650001300193650002100206GCL140319s9999 xx 000 0 eng d aGCL / cGCL04a759.55bC P1 aCANBY, SHEILA R.10aPERSIAN PAINTING / cCANBY, SHEILA R. a[S.N] : bBRITISH MUSEUM PRESS ، c1993 a12804aPAINTING04aPERSIAN PAINTING